Elinizin Altındaki Gerçekler Buluşlar ve Teknoloji Mimari Yapılar (Record no. 662419)

MARC details
000 -LEADER
sabit uzunluktaki kontrol alanı 00294nam a2200097Ia 4500
001 - KONTROL NUMARASI
kontrol alanı 662419
005 - EN SON İŞLEMİN TARİH VE ZAMANI
kontrol alanı 20250826160153.0
008 - SABİT-UZUNLUKTA VERİ ÖĞELERİ--GENEL BİLGİ
sabit uzunluktaki kontrol alanı 250824s9999 xx 000 0 und d
245 #0 - ESER / YAZAR
ESER ADI Elinizin Altındaki Gerçekler Buluşlar ve Teknoloji Mimari Yapılar
Yazar Adı Lindsey Lowe
260 ## - YAYIN, DAĞITIM, VB.
YAYIN EVİ TÜBİTAK YAYINLARI
Holdings
Düşüm durumu Kayıp durumu Hasar Durumu Ödünç verilmez Ana kütüphane Geçerli Kütüphane Edinilen tarih Toplam ödünç verme sayısı Barkod Son görüntüleme tarihi Fiyatın geçerli olmaya başladığı tarih Koha materyal türü
        SELÇUKLU İMAM HATİP ORTAOKULU SELÇUKLU İMAM HATİP ORTAOKULU 24.08.2025   10122117 13.03.2026 26.08.2025 Books